Flaggen der Welt 1938 - Statistiken

Allgemein
  • Dieses Quiz wurde 164 mal gespielt
  • Das Durchschnittsergebnis liegt bei 54 aus 75
Antwortstatistiken
Bildquiz Antwort % Korrekt
Australien
98%
Vatikanstadt
97%
Chile
96%
Lettland
96%
Vereinigte Staaten
96%
Türkei
94%
Schweden
89%
San Marino
88%
Irland
86%
Afghanistan
85%
Albanien
85%
Belgien
85%
Estland
85%
Frankreich
85%
Neuseeland
85%
Nicaragua
85%
Schweiz
85%
Costa Rica
84%
Vereinigtes Königreich
84%
Argentinien
83%
Dänemark
83%
Finnland
83%
Rumänien
83%
Brasilien
82%
Japan
82%
Kuba
82%
Norwegen
82%
Portugal
82%
Niederlande
81%
Österreich
81%
Spanien
81%
Venezuela
81%
Bulgarien
80%
Island
80%
Italien
80%
Kolumbien
80%
Mexiko
80%
Polen
80%
Saudi-Arabien
80%
Ungarn
80%
Uruguay
80%
Liechtenstein
79%
Luxemburg
79%
Panama
79%
Sowjetunion
79%
Peru
78%
Liberia
77%
Litauen
77%
Monaco
77%
Dominikanische Republik
76%
Ecuador
76%
Paraguay
72%
El Salvador
71%
Bolivien
70%
Guatemala
70%
Honduras
70%
Haiti
67%
Tschechoslowakei
67%
China
65%
Mongolei
51%
Griechenland
50%
Iran
50%
Nepal
46%
Kanada
45%
Jugoslawien
43%
Tibet
41%
Siam
40%
Andorra
39%
Irak
38%
Ägypten
29%
Südafrika
26%
Jemen
24%
Danzig
17%
Tuwa
14%
Republik Hatay
7%
Keine übereinstimmenden Quizze gefunden
Verteilung der Resultate
Anzahl Personen mit jedem Resultat
Perzentil nach korrekt beantworteten Fragen
Ihre Resultats-Entwicklung
Sie haben dieses Quiz noch nicht gespielt